| 000 | 00430cam a22001454a 4500 | ||
|---|---|---|---|
| 020 | _a0130081833 | ||
| 050 | 0 | 0 |
_aT 353 _b.T28 2003 |
| 245 | 0 | 0 |
_aTechnical drawing / _cFrederick E. Giesecke ... [et al.]. |
| 250 | _a12th ed. | ||
| 260 |
_aUpper Saddle River, NJ : _bPrentice Hall/Pearson Education, _cc2003. |
||
| 300 | _a (various pagings) : | ||
| 650 | 0 | _bMechanical drawing | |
| 700 | 1 | _aGiesecke, Frederick E. | |
| 942 |
_2lcc _cGEN |
||
| 999 |
_c7308 _d7308 |
||